Statistics for Spanish Foods/Drinks

Click here to take the quiz!

General Stats

  • This quiz has been taken 1,611 times
    (1,596 since last reset)
  • The average score is 26 of 45

Answer Stats

SpanishEnglish% Correct
El PanBread
94%
El CafeCoffee
93%
El QuesoCheese
92%
La LecheMilk
92%
La CervezaBeer
91%
El ChocolateChocolate
91%
El AguaWater
91%
El YogurtYoghurt
89%
El HuevoEgg
88%
El PescadoFish
88%
La CarneMeat
88%
El JamonHam
86%
El ArrozRice
86%
El VinoWine
86%
El Agua MineralMineral Water
85%
La SalSalt
84%
El TeTea
84%
La MantequillaButter
80%
El AzucarSugar
79%
El HeladoIce Cream
76%
El ChorizoSausage
76%
El VinagreVinegar
76%
El Aceite De OlivaOlive Oil
72%
La PimientaPepper
67%
El CacaoCocoa
58%
La MargarinaMargarine
58%
La MielHoney
55%
El ChampanChampagne
51%
El ZumoJuice
45%
La MostazaMustard
44%
La HarinaFlour
36%
La GalletaBiscuit
32%
La SidraCider
27%
La CanelaCinnamon
26%
El KefirKefir
23%
La NataCream
22%
El BolloCake
21%
La Uva PasaRaisin
21%
El BombonBonbon
20%
La EspeciaSpice
20%
El RefrescoSoft Drink
15%
La Leche En PolvoMilk Powder
14%
El PanecilloBun
8%
El AguardienteBrandy
2%
La SalchichaBratwurst
2%

Score Distribution

Percentile by Number Answered

Percent of People with Each Score

Your Score History

You have not taken this quiz since the last reset